书目信息 |
| 题名: |
C+空间
|
|
| 作者: | ||
| 分册: | ||
| 出版信息: | 广东 岭南美术出版社 2004 |
|
| 页数: | 99 | |
| 开本: | 26cm | |
| 丛书名: | ||
| 单 册: | ||
| 中图分类: | TU856 | |
| 科图分类: | ||
| 主题词: | 房屋建筑设备:机电设备 | |
| 电子资源: | ||
| ISBN: | 7-5362-2845-7 | |
| 000 | 00461nam0 2200169 450 | |
| 001 | 0729297901 | |
| 005 | 20071003080817.90 | |
| 010 | @a7-5362-2845-7@b精装@d¥50.00 | |
| 100 | @a20071003d km y0chiy0120 ea | |
| 101 | 0 | @achi |
| 200 | 1 | @aC+空间@AC+kong jian |
| 210 | @a广东@c岭南美术出版社@d2004 | |
| 215 | @a99@d26cm | |
| 606 | 0 | @a房屋建筑设备:机电设备 |
| 690 | @aTU856@v4 | |
| 801 | 0 | @aCN@b大连网信软件有限公司图书馆·11@c20071003 |
| 905 | @a213230@dTU856@eM44 | |
| C+空间.-广东:岭南美术出版社,2004 |
| 99;26cm |
| ISBN 7-5362-2845-7(精装):¥50.00 |
| ● |
| 相关链接 |
|
|
|
|
正题名:C+空间
索取号:TU856/M44
 
预约/预借
| 序号 | 登录号 | 条形码 | 馆藏地/架位号 | 状态 | 备注 |
| 1 | 26400969 | 264009691 | 美术系资料室/ [索取号:TU856/M44] | 在馆 |